000 01402nkm a2200313 i 4500
001 4132
003 ES-MaACL
005 20250713062931.0
007 khrbo
008 070628s1987 sp --- g |001||spa d
100 0 _aAlfonso,
_d1902-1990
_919858
245 1 0 _aRecital de guitarra por María Livia Sao Marcos [
_hFotografía] /
_cAlfonso (sello).
260 _a[S.l. :
_bs.n.],
_c1987.
300 _a2 fot. :
_bb. y n. ;
_c12 x 18 cm.
490 1 _aHomenaje a Heitor Villa-Lobos
500 _aDatos basados en invitación.
500 _aActo de clausura del ciclo.
511 0 _aInterviene: María Livia Sao Marcos.
518 _aActo organizado por la Sección de Música del Ateneo de Madrid en colaboración con el Instituto de Cooperación Iberoamericana y la Embajada del Brasil, celebrado en el salón de actos el jueves, 29 de octubre de 1987, a las 19:30 h.
600 1 4 _aSao Marcos, María Livia.
_9103705
610 2 4 _aAteneo de Madrid-
_xActos culturales-
_y1987-
_vFotografías.
_91902
710 2 _aAteneo de Madrid.
_bSección de Música.
_92004
710 1 _aBrasil.
_bEmbajada (España)
_92232
710 2 _aInstituto de Cooperación Iberoamericana.
_94848
830 0 _aHomenaje a Heitor Villa-Lobos
_9177003
852 _aES-MaACL
_jFOT 197/1987
856 4 _uhttp://www.ateneodemadrid.net/biblioteca_digital/imagenes/1987/0197-1987.jpg
_zVer imagen
999 _c4132
_d4132